Дело о назначении мещанина Генриха Прима надзирателем при воспитанниках Театрального училища и об исключении его из податного со...

Доступно только в Электронных читальных залах Найти на картеНа карте
RUSMARC
00004465nmc2a22000003x 450
00148762a27-1bef-48c6-a141-fada1e09a44f
00520181224224832.0
100##$a20170627l18461854k l0rusy0189 ca
1010#$arus
102##$aRU
2001#$aДело о назначении мещанина Генриха Прима надзирателем при воспитанниках Театрального училища и об исключении его из податного сословия
$j10 апреля 1846 г. - 16 мая 1854 г.
251##$cДело
300##$aПо Санкт-Петербургской дирекции за 1846 год
300##$aОриг. заголовок дела: Дело по предписанию господина директора о назначении состоящего при Канцелярии его превосходительства, по иностранной переписке, мещанина Генриха Прим в надзиратели при воспитанниках Театрального училища и о сделании сношения об увольнении его от общества. 10 апреля 1846 г. - 16 мая 1854 г
801#0$aRU
$bРГИА
$c20170627
$gRCR
801#1$aRU
$bГлавНИВЦ
$c20170627
$2rusmarc
801#2$aRU
$bПБ им. Б.Н. Ельцина
$c20181224
$gRCR
$2rusmarc
850##$aРГИА
852##$aРГИА
$eФедеральное казенное учреждение "Российский государственный исторический архив" (РГИА)
$j10744
937##$hРГИА
$d12246156
$aASBIBLIO_SCAN
462#0$1001dd3991dc-24e1-42ec-8838-ca4255420416
$12001
$a1746-1850 гг.
$1251
$cОпись
$1852
$j1
461#0$10019264ebf8-de62-4f1a-9eb4-9f22098dbbd5
$12001
$aДирекция императорских театров МИДв
$1251
$cФонд
$1852
$j497
215##$a57 л.
$d36,5х26 см
371##$aДокумент не является опубликованным и широко распространяемым
105##$ay###
1222#$ad
5171#$aДело по предписанию господина директора о назначении состоящего при Канцелярии его превосходительства, по иностранной переписке, мещанина Генриха Прим в надзиратели при воспитанниках Театрального училища и о сделании сношения об увольнении его от общества. 10 апреля 1846 г. - 16 мая 1854 г
035##$a48762a27-1bef-48c6-a141-fada1e09a44f
856##$uhttp://readingroom.main.prlib.ru/item.aspx?id_node=n122289908&mode=full
Формат отображения